Samajtattwik gaveshona paddhati- pratham khanda (Major7)/ (Record no. 12136)

MARC details
000 -LEADER
fixed length control field 00576nam a22001937a 4500
005 - DATE AND TIME OF LATEST TRANSACTION
control field 20250304081537.0
008 - FIXED-LENGTH DATA ELEMENTS--GENERAL INFORMATION
fixed length control field 250304b |||||||| |||| 00| 0 eng d
020 ## - INTERNATIONAL STANDARD BOOK NUMBER
International Standard Book Number 9788119679997
040 ## - CATALOGING SOURCE
Original cataloging agency IN-DiNC
Transcribing agency IN-DiNC
041 ## - LANGUAGE CODE
Language code of sung or spoken text Assamese
082 ## - DEWEY DECIMAL CLASSIFICATION NUMBER
Classification number 301.072
Item number BOR
100 ## - MAIN ENTRY--PERSONAL NAME
Personal name Borah, Birinchi Kumar
Relator term Author
245 ## - TITLE STATEMENT
Title Samajtattwik gaveshona paddhati- pratham khanda (Major7)/
Statement of responsibility, etc. by Birinchi Kumar Borah
250 ## - EDITION STATEMENT
Edition statement 1st NEP ed.
260 ## - PUBLICATION, DISTRIBUTION, ETC.
Place of publication, distribution, etc. Jorhat:
Name of publisher, distributor, etc. Bidya bhawan,
Date of publication, distribution, etc. 2025.
300 ## - PHYSICAL DESCRIPTION
Extent 200p.
650 ## - SUBJECT ADDED ENTRY--TOPICAL TERM
Topical term or geographic name entry element Sociological research methods-part I (Major7)
942 ## - ADDED ENTRY ELEMENTS (KOHA)
Source of classification or shelving scheme Dewey Decimal Classification
Koha item type Books
Holdings
Withdrawn status Lost status Source of classification or shelving scheme Damaged status Not for loan Collection code Home library Current library Shelving location Date acquired Cost, normal purchase price Total Checkouts Full call number Barcode Date due Date last seen Date last checked out Copy number Price effective from Koha item type
    Dewey Decimal Classification     Sociology Central Library, Naharkatiya College Central Library, Naharkatiya College General Stacks 04/03/2025 200.00 5 301.072 BOR 30657 16/03/2026 25/02/2026 25/02/2026 1 04/03/2025 Books
    Dewey Decimal Classification     Sociology Central Library, Naharkatiya College Central Library, Naharkatiya College General Stacks 04/03/2025 200.00 12 301.072 BOR 30658 20/05/2026 02/05/2026 02/05/2026 2 04/03/2025 Books
    Dewey Decimal Classification     Sociology Central Library, Naharkatiya College Central Library, Naharkatiya College General Stacks 04/03/2025 200.00 11 301.072 BOR 30659 02/04/2026 14/03/2026 14/03/2026 3 04/03/2025 Books

Naharkatiya College © 2020. All rights reserved.

Powered By